Longest Undertale Songs - Statistics

General Stats
  • This quiz has been taken 54 times
  • The average score is 12 of 24
Answer Stats
Length Track % Correct
2:36 MEGALOVANIA
91%
3:01 Hopes and Dreams
88%
6:21 Undertale
86%
2:36 ASGORE
81%
2:14 Death by Glamour
81%
2:36 Battle Against a True Hero
77%
2:46 CORE
72%
2:06 Waterfall
70%
2:22 Another Medium
67%
4:00 Your Best Nightmare
65%
4:12 Bring It In, Guys!
51%
2:25 Dummy!
47%
2:05 His Theme
40%
2:15 Last Goodbye
40%
2:06 Here We Are
37%
2:03 Home
37%
2:02 Home (Music Box)
37%
2:30 Fallen Down (Reprise)
33%
3:28 An Ending
30%
4:44 Reunited
30%
1:56 Dating Start!
21%
2:50 It's Raining Somewhere Else
19%
2:12 The Choice
14%
2:02 Don't Give Up
9%
No matching quizzes found
Score Distribution
Percent of People with Each Score
Percentile by Number Answered
Your Score History
You have not taken this quiz